00834nam a2200229 a 450000100060000000300080000600500170001400800410003103500190007204000260009104100080011708200240012510000250014924501060017426000530028030000250033349000960035865000190045465000260047383000610049983000440056069695BD-RjUL20211209081921.0170413r19651964nyu b 001 0 eng d a(BD-RjUL)69907 aBD-RjULbengcBD-RjUL aeng 223a519.2bBAE 19651 aBailey, Norman T. J.14aThe elements of stochastic processes with applications to the natural sciences /cNorman T.J. Bailey. aLondon :bWiley,cc1964, [ second printing 1965] axi, 249 p. ;c24 cm.1 aWiley series in probability and mathematical statistics. Applied probability and statistics 0aProbabilities. 0aBiologyxMethodology. 0aWiley series in probability and mathematical statistics. 0aWiley publication in applied statistics